000 00471cam a2200169 4500
001 D13534
008 090401t1902 xxu||||| |||| 00| 0 eng d
035 _a(Sirsi) u10192
041 _aeng
100 _aNottage, W.G.
245 _aRegistration of title to land: an explanation of the leading features of the Land Transfer Acts 1875 & 1897 ...
260 _aLondon
_bSweet & Maxwell
_c1902
350 _a0
520 _aShelf 132
942 _n0
948 _c04/03/1997
999 _c86715
_d86715